| 000 | 00657nam a22001935i 4500 | ||
|---|---|---|---|
| 001 | 158464 | ||
| 003 | ES-MaACL | ||
| 005 | 20230906211147.0 | ||
| 008 | 970605s1870 fr |||| | fre d | ||
| 040 |
_aCLM _bspa _cCCPB | SIC |
||
| 100 | 1 |
_aMadvig, J.R. _9129326 |
|
| 245 | 1 | 0 |
_aGrammaire latine / _cdu J.R. Madvig ; traduite de l'allemand sur la quatrième édition par N. Theil. |
| 260 |
_aParis : _bLibrairie de Firmin Didot Frères, Fils et Cie, _c[s.a.] |
||
| 300 |
_a204 p. ; _c32 cm. |
||
| 596 | 1 | _aPrólogo fechado en 1870. | |
| 597 | 1 | _aTexto a dos col. | |
| 700 | 1 | 1 |
_aTheil, N., _etrad. _9133207 |
| 852 |
_aES-MaACL _jF-15035 _z-- Enc. hol. |
||
| 999 |
_c158464 _d158464 |
||